000 00271nam a2200109Ia 4500
008 190216s9999||||xx |||||||||||||| ||und||
100 _aVidyarthi Mithram
245 0 _aVidyarthi Mithram Statistical Tables
260 _bVidyarthimithram
650 _aEconomics
942 _cBK
999 _c9541
_d9541